000 00611nam a2200205Ia 4500
005 20260525141124.0
008 131103s9999 xx 000 0 und d
040 _aLoreto College
041 _aEnglish
082 _a820.8
_bPEN
245 _aProse of the romantic period 1780-1830
_cEdited by Raymond Wright
260 _aLondon
_bPenguin Books
_c1956
300 _a288p.
440 _aThe Pelican book of english prose/ edited by Kenneth Allott; No.4
504 _aIncludes index
650 _aEnglish prose literature - 1780-1830
700 _aWright, Raymond; ed.
850 _aLCLIB
942 _cBK
999 _c21446
_d71925